000 02797nas a2200289 454500
001 46027
005 20260407193511.0
008 260407s1921####ag###########|||spa#d
003 AR-UNSa-BCEJYS
040 _aAR-UNSa-BCEJYS
_bspa
_cAR-UNSa-BCEJYS
080 _a330
_xEconomía en general
245 1 0 _aRevista de Ciencias Económicas
022 _a0325-3058
264 1 _aBuenos Aires :
_bColegio de Graduados en Ciencias Económicas
_c1921
310 _aFrecuencia: Trimestral Editor varía: Universidad de Buenos Aires. Facultad de Ciencias Económicas; Centro de Estudiantes y Colegio de Egresados, 1921-jun.1923 Universidad de Buenos Aires.Facultad de Ciencias Económicas; Centro de estudiantes y Colegio de Graduados, jul.1923-may.1941 Universidad de Buenos Aires.Facultad de Ciencias Económicas; Colegio de Graduados y Centro de Estudiantes, jun.1941-set.1943 Universidad de Buenos Aires.Facultad de Ciencias Económicas; Colegio de Graduados y Estudiantes, abr.1944-jun.1946 Universidad de Buenos Aires.Facultad de Ciencias Ecónomicas; Colegios de Graduados y Centro de Estudiantes de Ciencias Económicas, jul.1946-set.1948 Colegio de Doctores en Ciencias Ecónomicas y Contadores Públicos Nacionales y Centro de Estudiantes de Ciencias Económicas, may.1948-abril.1952 Colegio de Graduados en Ciencias Económicas y Centro de Estudiantes de Ciencias Económicas, may.1952-1957 Universidad de Buenos Aires.Facultad de Ciencias Económicas; Colegio de Graduados en Ciencias Ecónomicas y Centro de Estudiantes de Ciencias Ecónomicas, ene.1958-dic.1964 Colegio de Graduados en Ciencias Económicas, ene.1965-dic.1972 Encuadernado con: Boletín Bibliográfico del Seminario de Economía y Finanzas, 1923-1925 Dividida en: Temas de Economía, 1971-1974 n. 526-537 y Temas de Administración, 1973-1975 n. 534-539 Indice 1913-1929, publicado en 1930 Indice 1930-1942, publicado en 1943 Indice 1913-1979, publicado en 1999 Periodicidad varía: Mensual, 1921-1947; Bimestral, 1948-1957; Cuatrimestral, 1958-1961; Semestral, 1962-1966. Título varía: Serie 1, 1921.; Serie 2, 1922-1948.; Serie 3, 1948-1957.; Serie 4, 1958-1968.; Serie 5, 1968-1970.; Serie 6, 1971-1972.; Serie 7, 1973.; Serie 8, 1974.; Serie 9, 1975 ISSN varía: TEMAS DE ECONOMIA 0325-0822, 1971-1975 ; ECONOMIA 0325-0830, 1973-1976; TEMAS DE ADMINISTRACION 0325-0814, 1973-1976
041 _aspa
942 _cSER
590 _aniveau_biblio:s niveau_hierar:1
100 1 _aColegio de Graduados en Ciencias Económicas
650 _aCONTABILIDAD
650 _aMicroeconomía
650 _aMacroeconomía
650 _aLegislación
650 _aIMPUESTOS
650 _aECONOMIA
856 4 1 _uhttps://www.biblioeco.unsa.edu.ar/pmb/images/revistas/R21835.jpg
_yImagen de portada
_qimage/jpeg
999 _c8943
_d8943